Digital computer electronics: an introduction to microcomputers. (2nd ed.) (Record no. 63551)

MARC details
000 -LEADER
fixed length control field 00812nam a2200193 a 4500
008 - FIXED-LENGTH DATA ELEMENTS--GENERAL INFORMATION
fixed length control field 120416s1982 ||||||||||||||||| || u
020 ## - INTERNATIONAL STANDARD BOOK NUMBER
International Standard Book Number 0070399018
050 ## - LIBRARY OF CONGRESS CALL NUMBER
Classification number TK 7888.3 Mal
100 ## - MAIN ENTRY--PERSONAL NAME
Personal name Malvino, Albert Paul
245 10 - TITLE STATEMENT
Title Digital computer electronics: an introduction to microcomputers. (2nd ed.)
250 ## - EDITION STATEMENT
Edition statement 2nd. ed.
260 ## - PUBLICATION, DISTRIBUTION, ETC.
Place of publication, distribution, etc. New York:
Name of publisher, distributor, etc. McGraw-Hill
Date of publication, distribution, etc. 1982
300 ## - PHYSICAL DESCRIPTION
Extent ix, 337p. : ill
350 ## -
-- 0.00
650 ## - SUBJECT ADDED ENTRY--TOPICAL TERM
Topical term or geographic name entry element ELECTRONIC DIGITAL COMPUTERS
650 ## - SUBJECT ADDED ENTRY--TOPICAL TERM
Topical term or geographic name entry element MICROCOMPUTERS
995 ## -
-- ANNEX COLLECTION (Main Library)
-- 0.00
-- 711947
-- CBU-MAIN LIBRARY (Kitwe)
-- 2
-- 10.50
-- TK 7888.3 Mal
-- 1
-- AVAILABLE
-- 017100
-- Annex Low-Usage Collection
995 ## -
-- BINDERY (DAMAGED)
-- 0.00
-- 711946
-- CBU-MAIN LIBRARY (Kitwe)
-- 1
-- 10.50
-- TK 7888.3 Mal
-- 2
-- DAMAGED
-- 017101
-- Main Library Open Access Collection
999 ## -
-- 63551
-- 63551
Holdings
Withdrawn status Lost status Source of classification or shelving scheme Damaged status Not for loan Permanent Location Current Location Shelving location Date acquired Total Checkouts Full call number Barcode Date last seen Copy number Price effective from Koha item type
          CBU-MAIN LIBRARY, KITWE. CBU-MAIN LIBRARY, KITWE.   12/27/2022   TK 7888.3 Mal 017100 12/27/2022 1 12/27/2022 MONOGRAPH
          CBU-MAIN LIBRARY, KITWE. CBU-MAIN LIBRARY, KITWE.   12/27/2022   TK 7888.3 Mal 017101 12/27/2022 2 12/27/2022 MONOGRAPH